1649 1901 1076 1287 1610 1857 1686 1454 1379 1188 1429 1072 1350 1987 1130 1978 1483 1728 1481 1272 1896 1530 1364 1964 1665 1910 1454 1998 1630 1088 1152 1539 1944 1195 1282 1515 1596 1761 1028 1704 1876 1787 1595 1134 1769 1986 1289 1557 1791 1658 1219 1251 1218 1775 1736 1939 1092 1943 1509 1913 1300 1199 1422 1823 1508 1285 1655 1543 1549 1118 1797 1898 1783 1576 1917 1569 1386 1806 1525 1020 1110 1761 1843 1637 1623 1677 1813 1308 1414 1887 1373 1547 1224 1568 1983 1782 1894 1858 1847 BCNSPRNW ULIB Ver.6.0+V

เปลี่ยนเป็นภาษาไทย

Change to English
 แสดงรายละเอียดบรรณานุกรม
  กลับหน้าหลัก

Brief Record : Get Marc (ISO 2709) : E-mail record : QR code < ปิดหน้าต่าง
LEADER : 00000nam 2200000uu 4500
001    13399121429
003     ULIB
008    110609s2546 th 000 p tha d
020    ^a9789749166178
090    ^aรส.^bว484น 2546
100 0  ^aวารี วายุ
245 10 ^aนักฝันข้างถนนและงานคัดสรร /^cวารี วายุ
250    ^aพิมพ์ครั้งที่ 1
260    ^aกรุงเทพฯ :^bมูลนิธิสถาบันวิชาการ 14 ตุลา,^c2546
300    ^a92 หน้า ;^c21 ซม.
490 0  ^aหนังสือชุด''''''''ตุลาวรรณกรรม''''''''
500    ^aฉลองครบรอบ 30 ปี 14 ตุลา : 2516-2546 ร่วมวาระประวัติศาสตร์''''''''''''''''วัน 14 ตุลา ประชาธิปไตย''''''''''''''''
650  4 ^aกวีนิพนธ์ไทย
650  4 ^aเรื่องสั้นไทย^xรวมเรื่อง
710 2  ^aมูลนิธิสถาบันวิชาการ 14 ตุลา
945    ^p0^l0^i14365
995    ^aกัณชพร
999    ^aกัณชพร
รายการนี้ยังไม่มีแท็ก
คุณยังไม่ได้ล็อกอิน คุณสามารถมีกิจกรรมร่วมกับเว็บไซต์ได้ แต่ต้องล็อกอินก่อน ::
  ล็อกอิน

รายการสื่อสารสนเทศ

ลำดับที่ ประเภท เลขเรียก/บาร์โค้ด สถานที่ สถานะ
1. วิทยาศาสตร์การแพทย์ และสุขภาพ
วิทยาศาสตร์การแพทย์ และสุขภาพ
รส. ว484น 2546  
  Barcode: 14365
ห้องสมุดวิทยาเขตสวรรค์ประชารักษ์
►นวนิยาย
บนชั้น
  ขอยืม

รายการใกล้เคียง
    หัวเรื่อง [กวีนิพนธ์ไทย]

BibComment


ยังไม่เคยถูกคอมเมนท์

คอมเมนท์ทรัพยากรรายการนี้
  คอมเมนท์: นักฝันข้างถนนและ..


 Copyright 2026. Bcnsprnw @Library